000 00338pab a2200145 454500
008 180718b1985 xxu||||| |||| 00| 0 eng d
100 _aGupta, D.
245 _aBright vistas beyond the hump
260 _c1985
300 _a34-5
362 _a4 Mar.
650 _aJute Industry and Trade - India
773 _aCapital
909 _a11601
999 _c11601
_d11601